[Event "Alekhine mem"]
[Site "Moscow"]
[Date "1992.??.??"]
[Round "?"]
[White "Timman, Jan H"]
[Black "Jussupow, Artur"]
[Result "1/2-1/2"]
[WhiteElo "2665"]
[BlackElo "2640"]

1.e4 e5 2.Nf3 Nc6 3.Bb5 a6 4.Bxc6 dxc6 5.O-O f6 6.d4 exd4 7.Nxd4 c5 8.Ne2 Qxd1
9.Rxd1 Bd7 10.Nbc3 O-O-O 11.Bf4 Ne7 12.Bg3 g5 13.f4 Bg7 14.f5 b6 15.h3 h5
16.Bh2 Rde8 17.a4 Nc6 18.Nd5 Ne5 19.c3 Rhf8 20.b4 c4 21.Nd4 Rf7 22.b5 a5
23.Nf3 Nd3 24.Bxc7 Rxe4 25.Nd2 Bxf5 26.Bd6 Kb7 27.Rf1 Bg6 28.Nxe4 Bxe4 29.Ne3 f5
30.Nxc4 Rd7 31.Ba3 Bxc3 32.Nd6+ Ka7 33.Rad1 Bd4+ 34.Kh1 Be5 35.Nxe4 fxe4
36.Rd2 g4 37.Re2 g3 38.Bc1 Rd4 39.Be3 Rxa4 40.Rc2 Rb4 41.Rc8 Kb7 42.Re8 Rxb5
43.Kg1 Rb4 44.Rf7+ Ka6 45.Kf1 a4 46.Rfe7 a3 47.Ra8+ Kb5 48.Re6 Bb2 49.Rxb6+ Kc4
50.Rba6 Kb3 51.Ke2 Rc4 52.Bd2 Nc1+ 53.Kd1 Nd3 54.Ke2 Nc1+  1/2-1/2

[Event "Alekhine mem"]
[Site "Moscow"]
[Date "1992.??.??"]
[Round "?"]
[White "Timman, Jan H"]
[Black "Gelfand, Boris"]
[Result "1/2-1/2"]
[WhiteElo "2665"]
[BlackElo "2685"]

1.d4 Nf6 2.c4 e6 3.Nc3 Bb4 4.e3 O-O 5.Bd3 c5 6.Nf3 b6 7.d5 exd5 8.cxd5 h6
9.e4 Re8 10.O-O Bxc3 11.bxc3 Nxe4 12.Re1 Nf6 13.Rxe8+ Nxe8 14.Bf4 d6 15.Qd2 Bg4
16.Bxh6 Bxf3 17.gxf3 gxh6 18.Qxh6 Qf6 19.Bh7+ Kh8 20.Bg6+ Kg8 21.Bh7+  1/2-1/2

[Event "Alekhine mem"]
[Site "Moscow"]
[Date "1992.??.??"]
[Round "?"]
[White "Shirov, Alexei"]
[Black "Timman, Jan H"]
[Result "1/2-1/2"]
[WhiteElo "2710"]
[BlackElo "2665"]

1.e4 e5 2.Nf3 Nc6 3.d4 exd4 4.Nxd4 Nf6 5.Nxc6 bxc6 6.e5 Qe7 7.Qe2 Nd5 8.Nd2 Bb7
9.c4 Nf4 10.Qe3 Ne6 11.Nb3 Qb4+ 12.Bd2 Qb6 13.f4 a5 14.f5 Nc5 15.Be2 Nxb3
16.Qxb6 cxb6 17.axb3 O-O-O 18.O-O-O Bb4 19.Bf4 f6 20.Bh5 Rhf8 21.g4 b5 22.exf6 gxf6
23.Bh6 Rg8 24.h3 Ba6 25.cxb5 Bxb5 26.Bf7 Bf8 27.Bd2 Rg7 28.Bc4 Bxc4 29.bxc4 Bb4
30.Bxb4 axb4 31.Rhe1 Kc7 32.c5 Rb8 33.Rd4 Rb5 34.Rc4 h5 35.Kd2 hxg4 36.hxg4 Rh7
37.Ke3 b3 38.Re2 Rh1 39.Rd2 Re1+ 40.Kf4 Rf1+ 41.Kg3 Re1 42.Kf4  1/2-1/2

[Event "Alekhine mem"]
[Site "Moscow"]
[Date "1992.??.??"]
[Round "?"]
[White "Shirov, Alexei"]
[Black "Karpov, Anatoly"]
[Result "1/2-1/2"]
[WhiteElo "2710"]
[BlackElo "2715"]

1.e4 e5 2.Nf3 Nc6 3.Nc3 Nf6 4.d4 exd4 5.Nxd4 Bb4 6.Nxc6 bxc6 7.Bd3 d5 8.exd5 Qe7+
9.Qe2 cxd5 10.Bd2 Qxe2+ 11.Kxe2 c6 12.Na4 Bd6 13.Be3 O-O 14.f3 Nd7 15.Kf2 Re8
16.Rhe1 g6 17.Rad1 Ne5 18.Bf1 Bf5 19.Rd2 h5 20.a3 Bc7 21.b4 Nc4 22.Bxc4 dxc4
23.g3 a5 24.Bb6 Rxe1 25.Kxe1 c3 26.Re2 Bxb6 27.Nxb6 Ra6 28.bxa5 Rxa5 29.Nc4 Ra4
30.Nd6 Be6 31.Re3 Rxa3 32.Ne4 Bf5 33.Ke2 Kg7 34.Kd3 g5 35.Kd4 g4 36.fxg4 hxg4
37.Nxc3 Bxc2 38.Re5 Bg6 39.Rc5 Ra6 40.Ke5 Rb6 41.Kf4 Rb4+ 42.Ke3 Rb2 43.Ne2 Rb3+
44.Nc3 Rb6 45.Kf4 Rb2 46.Kxg4 Rxh2 47.Rxc6 Rf2 48.Kh4 Bf5 49.g4 Be6 50.Kg3 Rd2
51.Ne4 Rd3+ 52.Kf4 Bd5 53.Rc1 Kg6 54.Ke5  1/2-1/2

[Event "Alekhine mem"]
[Site "Moscow"]
[Date "1992.??.??"]
[Round "?"]
[White "Shirov, Alexei"]
[Black "Anand, Viswanathan"]
[Result "1/2-1/2"]
[WhiteElo "2710"]
[BlackElo "2690"]

1.e4 c5 2.Nf3 d6 3.d4 cxd4 4.Nxd4 Nf6 5.Nc3 Nc6 6.Bg5 e6 7.Qd2 Be7 8.O-O-O O-O
9.f4 Nxd4 10.Qxd4 Qa5 11.Kb1 Rd8 12.Bc4 Bd7 13.Bb3 Bc6 14.g4 Qc5 15.Qd3 d5
16.Bxf6 Bxf6 17.exd5 Bxc3 18.Qxc3 Qxc3 19.bxc3 exd5 20.Rd4 Rd7 21.Rhd1 Rad8
22.g5  1/2-1/2

[Event "Alekhine mem"]
[Site "Moscow"]
[Date "1992.??.??"]
[Round "?"]
[White "Salov, Valery"]
[Black "Timman, Jan H"]
[Result "1-0"]
[WhiteElo "2655"]
[BlackElo "2665"]

1.Nf3 Nf6 2.c4 c5 3.Nc3 Nc6 4.g3 d5 5.d4 cxd4 6.Nxd4 dxc4 7.Nxc6 Qxd1+ 8.Nxd1 bxc6
9.Bg2 Nd5 10.Ne3 e6 11.Nxc4 Ba6 12.b3 Bb4+ 13.Bd2 Bxd2+ 14.Kxd2 O-O-O 15.Kc2 Kc7
16.Rhc1 Bxc4 17.bxc4 Nb4+ 18.Kc3 a5 19.a3 Na6 20.Be4 f5 21.Bc2 g6 22.Rd1 e5
23.h4 Nc5 24.Rxd8 Rxd8 25.h5 Ne6 26.Rh1 Nd4 27.Bd1 f4 28.gxf4 exf4 29.hxg6 hxg6
30.Rg1 Rd6 31.e3 fxe3 32.fxe3 Nf5 33.e4 Ne3 34.Be2 Kb6 35.Bd3 Rd8 36.e5 Kc5
37.e6 Kd6 38.e7 Re8 39.Rxg6+ Kxe7 40.Rxc6 Rd8 41.Rc5 Ke6 42.a4 Rd6 43.Be4 Nd1+
44.Kb3 Ne3 45.Kc3 Nd1+ 46.Kb3 Ne3 47.Bh7 Rb6+ 48.Kc3 Nd1+ 49.Kd4 Rd6+ 50.Rd5 Rxd5+
51.cxd5+ Kd6 52.Be4 Nf2 53.Bf3 Nh3 54.Kc4 Nf4 55.Bh1 Ne2 56.Kb5 Nd4+ 57.Kxa5 Kc5
58.Ka6 Nb3 59.a5 Nd4 60.Kb7 Nb5 61.a6  1-0

[Event "Alekhine mem"]
[Site "Moscow"]
[Date "1992.??.??"]
[Round "?"]
[White "Salov, Valery"]
[Black "Karpov, Anatoly"]
[Result "1/2-1/2"]
[WhiteElo "2655"]
[BlackElo "2715"]

1.d4 d5 2.c4 dxc4 3.Nf3 a6 4.e3 Nf6 5.Bxc4 e6 6.O-O c5 7.dxc5 Qxd1 8.Rxd1 Bxc5
9.b3 O-O 10.Bb2 Nbd7 11.Nc3 b5 12.Be2 Bb7 13.Rac1 Rac8 14.Kf1 h6  1/2-1/2

[Event "Alekhine mem"]
[Site "Moscow"]
[Date "1992.??.??"]
[Round "?"]
[White "Karpov, Anatoly"]
[Black "Jussupow, Artur"]
[Result "1/2-1/2"]
[WhiteElo "2715"]
[BlackElo "2640"]

1.d4 d5 2.c4 c6 3.Nc3 Nf6 4.e3 g6 5.Nf3 Bg7 6.Be2 O-O 7.O-O Bg4 8.cxd5 cxd5
9.Qb3 b6 10.h3 Bxf3 11.Bxf3 e6 12.Bd2 Nc6 13.Qa4 Na5 14.b3 a6 15.Ne2 Nb7
16.Qc6 Ra7 17.Rfc1 Re8 18.Qc7 Bf8 19.Rc6 Qxc7 20.Rxc7 Rb8 21.Nf4 Ne8 22.Rc2 Nbd6
23.Rac1 Ne4 24.Be1 Ba3 25.Rc8 Raa8 26.Rxb8 Rxb8 27.Rc6 a5 28.Nd3 N4d6 29.g4 g5
30.Bg2 Nc8 31.Bd2 Ne7 32.Rc2 h6 33.Kf1 Nd6 34.Ke2 f6 35.f3 Kf7 36.Be1 Rc8
37.Rxc8 Ndxc8 38.Bg3 Bd6 39.f4 Nc6 40.a4 N8e7 41.Bf2 f5 42.Bf3 Kf6 43.Bg3 Bb8
44.Kf2 Kg6 45.Kg2 Bc7 46.h4 gxh4 47.Bxh4 fxg4 48.Bxg4 Nf5 49.Bf2 Bd8 50.Kf3 h5
51.Bh3 Be7 52.Ne5+ Nxe5+ 53.fxe5 Kf7 54.Ke2 Bg5 55.Kd3 Bh4 56.Bg1 Ng3 57.Bg2 Bd8
58.Bf2 h4 59.Be1 Be7 60.Bf2 Ke8 61.Be1  1/2-1/2

[Event "Alekhine mem"]
[Site "Moscow"]
[Date "1992.??.??"]
[Round "?"]
[White "Jussupow, Artur"]
[Black "Salov, Valery"]
[Result "1/2-1/2"]
[WhiteElo "2640"]
[BlackElo "2655"]

1.d4 Nf6 2.c4 e6 3.Nc3 Bb4 4.e3 c5 5.Bd3 Nc6 6.a3 Bxc3+ 7.bxc3 d6 8.Ne2 h6
9.O-O O-O 10.e4 e5 11.d5 Ne7 12.f3 Ne8 13.Ng3 f5 14.exf5 Nxf5 15.Ne4 g5 16.Ra2 Bd7
17.Raf2 Qe7 18.g3 Nf6 19.Qe2 Nxe4 20.fxe4 Ng7 21.Kg2 Rxf2+ 22.Qxf2 Rf8 23.Qxf8+ Qxf8
24.Rxf8+ Kxf8 25.h4 gxh4 26.gxh4 h5 27.Be2 Be8 28.Bg5 Bg6 29.Kf3 Kf7 30.Bf1 Ne8
31.Bh3 Nf6 32.Be6+ Kg7 33.Bxf6+ Kxf6 34.Bc8 b6 35.Bd7 Ke7 36.Bc6 Be8 37.Bxe8 Kxe8
38.Ke3 Kd7 39.Kd3  1/2-1/2

[Event "Alekhine mem"]
[Site "Moscow"]
[Date "1992.??.??"]
[Round "?"]
[White "Jussupow, Artur"]
[Black "Gelfand, Boris"]
[Result "1/2-1/2"]
[WhiteElo "2640"]
[BlackElo "2685"]

1.d4 Nf6 2.c4 g6 3.Nc3 Bg7 4.e4 d6 5.f3 O-O 6.Bg5 c5 7.d5 e6 8.Qd2 exd5 9.Nxd5 Be6
10.Ne2 Bxd5 11.cxd5 Nbd7 12.Nc3 a6 13.a4 Qc7 14.Be2 c4 15.O-O b5 16.axb5 axb5
17.Be3 Qb7 18.Rfb1 Rxa1 19.Rxa1 b4 20.Nd1 Rc8 21.Rc1 Ne5 22.Kh1 h5 23.Bd4 Nfd7
24.Ne3 Nc5 25.Bxc5 Rxc5 26.Nxc4 Nxc4 27.Rxc4 Rxc4 28.Bxc4 Qa7 29.g3 Qa1+
30.Kg2 Qxb2 31.Qxb2 Bxb2 32.f4 Kf8 33.h3 Ke7 34.Kf3 Kd8 35.g4 hxg4+ 36.hxg4 f6  1/2-1/2

[Event "Alekhine mem"]
[Site "Moscow"]
[Date "1992.??.??"]
[Round "?"]
[White "Jussupow, Artur"]
[Black "Anand, Viswanathan"]
[Result "1/2-1/2"]
[WhiteElo "2640"]
[BlackElo "2690"]

1.d4 d5 2.Nf3 c6 3.c4 e6 4.e3 Nf6 5.Nbd2 c5 6.b3 dxc4 7.Bxc4 cxd4 8.Nxd4 Bd6
9.Bb2 O-O 10.O-O Bd7 11.Be2 Nc6 12.Nc4 Bc5 13.Bf3 Rc8 14.Nb5 Be7 15.Nbd6 Rc7
16.Nb5 Rc8 17.Rc1 a6 18.Nbd6 Rc7 19.Qd2  1/2-1/2

[Event "Alekhine mem"]
[Site "Moscow"]
[Date "1992.??.??"]
[Round "?"]
[White "Anand, Viswanathan"]
[Black "Salov, Valery"]
[Result "1/2-1/2"]
[WhiteElo "2690"]
[BlackElo "2655"]

1.e4 c5 2.Nf3 d6 3.d4 cxd4 4.Nxd4 Nf6 5.Nc3 e6 6.g4 h6 7.h4 Nc6 8.Rg1 d5
9.Bb5 Bd7 10.exd5 Nxd5 11.Nxd5 exd5 12.Be3 Qxh4 13.Qf3 a6 14.Bxc6 bxc6 15.O-O-O Bd6
16.Nf5 Bxf5 17.gxf5 Be5 18.Kb1 Rb8 19.b3 Qb4 20.Rd3 Kf8 21.Bd2 Qd6 22.Re1 Bf6
23.Bf4 Qa3 24.Be5 Re8 25.Qg3 Rxe5 26.Rxe5 Kg8 27.Re8+ Kh7 28.Rxh8+ Kxh8 29.c3 Qe7
30.Qe3 Qd7 31.Qf3 Kh7 32.Kc2 a5 33.Kd1 Qe7 34.Qe2 Qd7 35.Qf3 Qe7 36.Qe2 Qd7  1/2-1/2